[Event "Super Size French"]
[Site "SchemingMind.com"]
[Date "2005.10.01"]
[Round "-"]
[White "capablanca"]
[Black "Raimondi"]
[Result "1/2-1/2"]
[WhiteCountry "GER"]
[BlackCountry "PER"]
[WhiteElo "1660"]
[WhiteRD "64"]
[BlackElo "1684"]
[BlackRD "62"]
[GameID "26270"]

1. e4 e6 2. d4 d5 3. Nc3 Bb4 4. e5 c5 5. a3 Bxc3+ 6. bxc3 Nc6 7. Nf3 Nge7 8. Be2 O-O 9. O-O Na5 10. Bd2 Nc4
11. Bxc4 dxc4 12. Qe2 cxd4 13. cxd4 b5 14. a4 a6 15. axb5 Qd5 16. bxa6 Bxa6 17. c3 Nc6 18. Ng5 f6 19. exf6 Rxf6 20. Ne4 Rg6
21. Bf4 e5 22. dxe5 Nxe5 23. Rfd1 Qb5 24. Nd6 Qc6 25. Bg3 Nd3 26. Qe7 Rf8 27. Rd2=
1/2-1/2

[Event "Super Size French"]
[Site "SchemingMind.com"]
[Date "2005.10.01"]
[Round "-"]
[White "Raimondi"]
[Black "capablanca"]
[Result "1-0"]
[WhiteCountry "PER"]
[BlackCountry "GER"]
[WhiteElo "1684"]
[WhiteRD "62"]
[BlackElo "1660"]
[BlackRD "64"]
[GameID "26271"]

1. e4 e6 2. d4 d5 3. Nc3 Bb4 4. e5 c5 5. a3 Bxc3+ 6. bxc3 Ne7 7. Nf3 Qb6 8. Be2 Nbc6 9. O-O Nf5 10. Kh1 cxd4
11. cxd4 O-O 12. Be3 Bd7 13. Qd2 Nxe3 14. fxe3 Na5 15. Rab1 Qc7 16. Bd3 a6 17. Ng5 g6 18. Rf3 b5 19. Rh3 h5 20. Qf2 Nc4
21. g4 Kg7 22. Qf6+
1-0

[Event "Super Size French"]
[Site "SchemingMind.com"]
[Date "2005.10.01"]
[Round "-"]
[White "mikhailtal"]
[Black "Raimondi"]
[Result "1-0"]
[WhiteCountry "ENG"]
[BlackCountry "PER"]
[WhiteElo "1816"]
[WhiteRD "79"]
[BlackElo "1697"]
[BlackRD "66"]
[GameID "26292"]

1. e4 e6 2. d4 d5 3. Nc3 Bb4 4. e5 c5 5. a3 Bxc3+ 6. bxc3 Nc6 7. Qg4 Nge7 8. Nf3 O-O 9. Bd3 c4 10. Bh6 Ng6
11. Bxg6 gxh6 12. Bh5+ Kh8 13. Qf4 Kg7 14. h4 f6 15. Rh3 Ne7 16. Rg3+ Ng6 17. Bxg6 hxg6 18. Qg4 Qe8 19. h5 g5 20. exf6+ Kxf6
21. Nxg5 Ke7 22. Nf3 Kd8 23. Qg7 Rh8 24. Rg6 Bd7 25. Ne5 Kc7 26. Rxh6 Rg8 27. Qxd7+ Qxd7 28. Nxd7 Kxd7 29. Kf1 Rh8 30. Rxh8 Rxh8
31. g4 Ke7 32. Kg2 Kf6 33. f4 b6 34. Kf3 Rh7 35. Re1 Rh8 36. g5+ Kf7 37. Kg4 Rg8 38. f5
1-0

[Event "Super Size French"]
[Site "SchemingMind.com"]
[Date "2005.10.01"]
[Round "-"]
[White "mikhailtal"]
[Black "capablanca"]
[Result "1-0"]
[WhiteCountry "ENG"]
[BlackCountry "GER"]
[WhiteElo "1876"]
[WhiteRD "74"]
[BlackElo "1660"]
[BlackRD "64"]
[GameID "26293"]

1. e4 e6 2. d4 d5 3. Nc3 Bb4 4. e5 c5 5. a3 Bxc3+ 6. bxc3 Ne7 7. Qg4 Ng6 8. h4 cxd4 9. cxd4 O-O 10. h5 Ne7
11. h6 g6 12. Bg5 Qa5+ 13. Kd1 Nf5 14. Ne2 Bd7 15. Qf4 Nc6 16. g4 Qa4 17. gxf5 exf5 18. Qe3 Nb4 19. Qb3 Qxb3= 20. cxb3
1-0

[Event "Super Size French"]
[Site "SchemingMind.com"]
[Date "2005.10.01"]
[Round "-"]
[White "Raimondi"]
[Black "mikhailtal"]
[Result "0-1"]
[WhiteCountry "PER"]
[BlackCountry "ENG"]
[WhiteElo "1684"]
[WhiteRD "62"]
[BlackElo "1876"]
[BlackRD "74"]
[GameID "26294"]

1. e4 e6 2. d4 d5 3. Nc3 Nf6 4. Bg5 dxe4 5. Nxe4 Be7 6. Bxf6 Bxf6 7. Nf3 Nd7 8. Qd2 a6 9. Bd3 b6 10. O-O Bb7
11. Rfe1 Be7 12. Neg5 h6 13. Ne4 O-O 14. Ng3 Bxf3 15. gxf3 Nf6 16. Kh1 Kh8 17. c3 Qd5 18. Be4 Nxe4 19. fxe4 Qg5 20. f4 Qh4
21. f5 Bg5 22. Qg2 Bf4 23. Ne2 exf5 24. Nxf4 Qxf4 25. Rf1 Qxe4 26. Rae1 Qxg2+ 27. Kxg2 Rfe8 28. Rxe8+ Rxe8 29. Rxf5 Kg8 30. d5 f6
31. c4 Re2+ 32. Rf2 Rxf2+ 33. Kxf2 Kf7 34. Kf3 f5 35. Kf4 Kf6 36. b4 g5+ 37. Ke3 Ke5 38. h3 h5 39. a4 g4
0-1

[Event "Super Size French"]
[Site "SchemingMind.com"]
[Date "2005.10.01"]
[Round "-"]
[White "capablanca"]
[Black "mikhailtal"]
[Result "0-1"]
[WhiteCountry "GER"]
[BlackCountry "ENG"]
[WhiteElo "1660"]
[WhiteRD "64"]
[BlackElo "1876"]
[BlackRD "74"]
[GameID "26295"]

1. e4 e6 2. d4 d5 3. Nc3 Bb4 4. e5 b6 5. a3 Bf8 6. Nf3 Ba6 7. Ne2 c5 8. c3 Ne7 9. Ng3 Bxf1 10. Nxf1 Nbc6
11. Ng3 h6 12. O-O g6 13. Be3 c4 14. h3 Na5 15. Nd2 Bg7 16. Ne2 O-O 17. Nc1 Nec6 18. Nf3 f6 19. Qd2 Kh7 20. exf6 Qxf6
21. Re1 Nb7 22. Ne2 Nd6 23. Ng3= Rae8 24. Bf4 Qxf4
0-1

[Event "Super Size French"]
[Site "SchemingMind.com"]
[Date "2005.10.01"]
[Round "-"]
[White "pardesi"]
[Black "Raimondi"]
[Result "0-1"]
[WhiteCountry "USA"]
[BlackCountry "PER"]
[WhiteElo "1440"]
[WhiteRD "80"]
[BlackElo "1684"]
[BlackRD "62"]
[GameID "26329"]

1. e4 e6 2. d4 d5 3. e5 c5 4. c3 cxd4 5. cxd4 Nc6 6. Nf3 Nge7 7. Bb5 a6 8. Ba4 b5 9. Bc2 Bd7 10. a3 Nc8
11. Qd3 Be7 12. O-O Nb6 13. Bf4 b4 14. Bd2 Nc4 15. b3 Nxd2 16. Nbxd2 bxa3 17. Bb1 Qb6 18. Ba2 Nb4 19. Qb1 a5 20. Rc1 O-O
21. h4 Bb5 22. Nc4 dxc4 23. bxc4 Bc6 24. d5 exd5 25. c5 Bxc5 26. Ng5 Bxf2+ 27. Kh2 g6 28. Qb3 Bd4
0-1

[Event "Super Size French"]
[Site "SchemingMind.com"]
[Date "2005.10.01"]
[Round "-"]
[White "pardesi"]
[Black "mikhailtal"]
[Result "0-1"]
[WhiteCountry "USA"]
[BlackCountry "ENG"]
[WhiteElo "1440"]
[WhiteRD "80"]
[BlackElo "1876"]
[BlackRD "74"]
[GameID "26330"]

1. e4 e6 2. d4 d5 3. e5 c5 4. c3 Nc6 5. Be2 Bd7 6. Nh3 cxd4 7. cxd4 Qb6 8. Be3 Qxb2 9. Nd2 Qb6 10. O-O Nge7
11. Rb1 Qc7 12. Nf3 Nf5 13. Bf4 Be7 14. Qb3 Ncxd4
0-1

[Event "Super Size French"]
[Site "SchemingMind.com"]
[Date "2005.10.01"]
[Round "-"]
[White "Raimondi"]
[Black "pardesi"]
[Result "1-0"]
[WhiteCountry "PER"]
[BlackCountry "USA"]
[WhiteElo "1684"]
[WhiteRD "62"]
[BlackElo "1440"]
[BlackRD "80"]
[GameID "26332"]

1. e4 e6 2. d4 d5 3. e5 c5 4. c3 cxd4 5. cxd4 Nc6 6. Nf3 f6 7. Bf4 f5 8. Bb5 a6 9. Be2 h6 10. h4 Bb4+
11. Nbd2 Nge7 12. h5 Bd7 13. a3 Ba5 14. b4 Bb6 15. Nb3 Nc8 16. Nc5 Bxc5 17. bxc5 b6 18. Qc2 bxc5 19. Qxc5 Qa5+ 20. Bd2 Qxc5
21. dxc5 O-O 22. Bc3 N8a7 23. Bxa6 Kf7 24. O-O Bc8 25. Bd3 Bb7 26. Rfe1 Rad8 27. Nd4 Nxd4 28. Bxd4
1-0

[Event "Super Size French"]
[Site "SchemingMind.com"]
[Date "2005.10.02"]
[Round "-"]
[White "mikhailtal"]
[Black "pardesi"]
[Result "1-0"]
[WhiteCountry "ENG"]
[BlackCountry "USA"]
[WhiteElo "1876"]
[WhiteRD "74"]
[BlackElo "1440"]
[BlackRD "80"]
[GameID "26333"]

1. e4 e6 2. d4 d5 3. Nc3 f6 4. exd5 exd5 5. Qh5+ g6 6. Qxd5 Nc6 7. Nf3 Bb4 8. Qxd8+ Kxd8 9. Bd2 Bf5 10. O-O-O Nge7
11. d5 Ne5 12. Nxe5 fxe5 13. a3 Bc5 14. Be3 Bxe3+ 15. fxe3
1-0

[Event "Super Size French"]
[Site "SchemingMind.com"]
[Date "2005.10.02"]
[Round "-"]
[White "lucyjugs"]
[Black "Raimondi"]
[Result "1-0"]
[WhiteCountry "GBR"]
[BlackCountry "PER"]
[WhiteElo "1455"]
[WhiteRD "62"]
[BlackElo "1697"]
[BlackRD "66"]
[GameID "26393"]

1. e4 e6 2. d4 d5 3. Nc3 Bb4 4. e5 c5 5. a3 Bxc3+ 6. bxc3 Ne7 7. h4 Nbc6 8. Nf3 Qb6 9. dxc5 Qxc5 10. Bd2 Bd7
11. Bd3 Na5 12. Ng5 h6 13. Nf3 Ba4 14. Rh3 Nec6 15. Rg3 g6 16. Bxg6 fxg6 17. Rxg6 Kf7 18. h5 Rag8 19. Rf6+ Ke7 20. Kf1 Nxe5
21. Nxe5 Kxf6 22. Qf3+ Ke7 23. Qf7+ Kd6 24. Bf4 Qc8 25. Nd7+ Kc6 26. Qxe6+ Kb5 27. Rb1+ Bb3 28. cxb3 Qxc3 29. a4+ Kb4 30. Bd6+
1-0

[Event "Super Size French"]
[Site "SchemingMind.com"]
[Date "2005.10.02"]
[Round "-"]
[White "lucyjugs"]
[Black "mikhailtal"]
[Result "0-1"]
[WhiteCountry "GBR"]
[BlackCountry "ENG"]
[WhiteElo "1299"]
[WhiteRD "62"]
[BlackElo "1807"]
[BlackRD "70"]
[GameID "26394"]

1. e4 e6 2. d4 d5 3. e5 c5 4. c3 Nc6 5. Nf3 Bd7 6. Be2 Nge7 7. O-O Nf5 8. Bd3 cxd4 9. Bxf5 exf5 10. Nxd4 Nxd4
11. cxd4 Be7 12. Nc3 Be6 13. Re1 O-O 14. Be3 a6 15. Rc1 Rc8 16. Ne2 Qa5 17. a3= b5 18. Qd2 Qb6 19. Rxc8 Rxc8 20. Rc1= Rxc1+
21. Nxc1 b4 22. axb4 Bxb4 23. Qe2 f4 24. Bxf4 Qxd4
0-1

[Event "Super Size French"]
[Site "SchemingMind.com"]
[Date "2005.10.02"]
[Round "-"]
[White "lucyjugs"]
[Black "pardesi"]
[Result "0-1"]
[WhiteCountry "GBR"]
[BlackCountry "USA"]
[WhiteElo "1297"]
[WhiteRD "82"]
[BlackElo "1425"]
[BlackRD "99"]
[GameID "26396"]

1. e4 e6 2. d4 d5 3. Nd2 dxe4 4. Nxe4 Nf6 5. Bg5 Be7 6. Bxf6 Bxf6 7. Nf3 O-O 8. h4 Be7 9. Bd3 Nc6 10. Neg5 g6
11. Qd2 Nxd4 12. Nxd4 Qxd4
0-1

[Event "Super Size French"]
[Site "SchemingMind.com"]
[Date "2005.10.02"]
[Round "-"]
[White "Raimondi"]
[Black "lucyjugs"]
[Result "1-0"]
[WhiteCountry "PER"]
[BlackCountry "GBR"]
[WhiteElo "1697"]
[WhiteRD "66"]
[BlackElo "1455"]
[BlackRD "62"]
[GameID "26397"]

1. e4 e6 2. d4 d5 3. Nc3 Bb4 4. e5 c5 5. a3 Bxc3+ 6. bxc3 Ne7 7. Qg4 Qc7 8. Qxg7 Rg8 9. Qxh7 cxd4 10. Ne2 Nbc6
11. Qd3 dxc3 12. Qxc3 Nf5 13. Bb2 Bd7 14. h4 d4 15. Qd2 Qxe5 16. Rd1 O-O-O 17. h5 Na5 18. Bxd4 Qe4 19. Qxa5 Bc6 20. c3 Rge8
21. Qe5 Qc2 22. Rc1 Qb2 23. Qc5 Nxd4 24. cxd4 Rd5 25. Qc3 Qb6 26. Qb4 Qd8 27. Rc5 e5 28. Rxd5 Qxd5 29. dxe5 Rxe5 30. h6 Qa2
31. h7 Qa1+ 32. Kd2 Qa2+= 33. Kd3 Bb5+ 34. Kd4 Qd5+ 35. Kc3
1-0

[Event "Super Size French"]
[Site "SchemingMind.com"]
[Date "2005.10.02"]
[Round "-"]
[White "mikhailtal"]
[Black "lucyjugs"]
[Result "1-0"]
[WhiteCountry "ENG"]
[BlackCountry "GBR"]
[WhiteElo "1816"]
[WhiteRD "79"]
[BlackElo "1455"]
[BlackRD "62"]
[GameID "26398"]

1. e4 e6 2. d4 d5 3. Nc3 Bb4 4. e5 c5 5. a3 Bxc3+ 6. bxc3 Qc7 7. Qg4 f5 8. Qg3 Ne7 9. Qxg7 Rg8 10. Qxh7 cxd4
11. Kd1 Bd7 12. Qh5+ Kd8 13. Nf3 Qxc3 14. Ra2 Ba4 15. Bg5 Nc6 16. Bd2 Qc5 17. Ng5 Kd7 18. f4 Na5 19. Qf7 Rg6 20. Bb4
1-0

[Event "Super Size French"]
[Site "SchemingMind.com"]
[Date "2005.10.02"]
[Round "-"]
[White "pardesi"]
[Black "lucyjugs"]
[Result "1-0"]
[WhiteCountry "USA"]
[BlackCountry "GBR"]
[WhiteElo "1425"]
[WhiteRD "99"]
[BlackElo "1297"]
[BlackRD "82"]
[GameID "26400"]

1. e4 e6 2. d4 d5 3. e5 c5 4. c3 Qb6 5. Na3 c4 6. Nf3 Bxa3 7. bxa3 Nc6 8. Be2 Bd7 9. Ng5 h6 10. Nxf7 Kxf7
11. Bh5+ g6 12. Qf3+
1-0

[Event "Super Size French"]
[Site "SchemingMind.com"]
[Date "2005.10.03"]
[Round "-"]
[White "bernadjm"]
[Black "Raimondi"]
[Result "1-0"]
[WhiteCountry "ESP"]
[BlackCountry "PER"]
[WhiteElo "2051"]
[WhiteRD "143"]
[BlackElo "1697"]
[BlackRD "66"]
[GameID "26527"]

1. e4 e6 2. d4 d5 3. e5 c5 4. c3 Nc6 5. Nf3 Qb6 6. a3 Nh6 7. b4 cxd4 8. cxd4 Nf5 9. Bb2 Be7 10. Bd3 Nfxd4
11. Bxd4 Nxd4 12. Nxd4 Bd7 13. Nf3 O-O 14. O-O a5 15. bxa5 Rxa5 16. Qd2 f6 17. Rc1 f5 18. Ra2 Rfa8 19. Rb2 Qa7 20. Rc7 Rd8
21. Rbxb7
1-0

[Event "Super Size French"]
[Site "SchemingMind.com"]
[Date "2005.10.03"]
[Round "-"]
[White "bernadjm"]
[Black "mikhailtal"]
[Result "1-0"]
[WhiteCountry "ESP"]
[BlackCountry "ENG"]
[WhiteElo "2131"]
[WhiteRD "110"]
[BlackElo "1807"]
[BlackRD "70"]
[GameID "26528"]

1. e4 e6 2. d4 d5 3. e5 c5 4. c3 Nc6 5. Nf3 Bd7 6. a3 Nge7 7. b4 cxd4 8. cxd4 Nf5 9. Bb2 h5 10. Bd3 g6
11. Nc3 a6 12. O-O Be7 13. Na4 O-O 14. Nc5 Qc8 15. Qe2 Na7 16. Rfc1 Bc6 17. Qd2 Kg7 18. Rc2 Qe8 19. Rac1 Bxc5 20. dxc5 Nb5
21. Bxf5 exf5 22. Re1 Qe7 23. Qf4 Rae8 24. Rd2 Nc7 25. e6+ f6 26. Nd4 Qd8 27. Nxf5+ gxf5 28. Qg5+ Kh8 29. Qxh5+
1-0

[Event "Super Size French"]
[Site "SchemingMind.com"]
[Date "2005.10.03"]
[Round "-"]
[White "bernadjm"]
[Black "capablanca"]
[Result "1-0"]
[WhiteCountry "ESP"]
[BlackCountry "GER"]
[WhiteElo "2131"]
[WhiteRD "110"]
[BlackElo "1616"]
[BlackRD "61"]
[GameID "26529"]

1. e4 e6 2. d4 d5 3. e5 c5 4. c3 Nc6 5. Nf3 cxd4 6. cxd4 Qb6 7. a3 Nge7 8. b4 a6 9. Nc3 Nf5 10. Na4 Qc7
11. Bb2 Be7 12. Rc1 Qd8 13. Bd3 b5 14. Rxc6 bxa4 15. O-O Bb7 16. Rc3 Qd7 17. Bxf5 O-O 18. Bc2 Bc6 19. Bxh7+ Kxh7 20. Qc2+ g6
21. Rxc6
1-0

[Event "Super Size French"]
[Site "SchemingMind.com"]
[Date "2005.10.03"]
[Round "-"]
[White "bernadjm"]
[Black "lucyjugs"]
[Result "1-0"]
[WhiteCountry "ESP"]
[BlackCountry "GBR"]
[WhiteElo "2051"]
[WhiteRD "143"]
[BlackElo "1455"]
[BlackRD "62"]
[GameID "26530"]

1. e4 e6 2. d4 d5 3. e5 c5 4. c3 Nc6 5. Nf3 Qb6 6. a3 c4 7. Nbd2 Nge7 8. Bxc4 dxc4 9. Nxc4 Qc7 10. Nd6+ Kd7
11. Nxf7 Rg8 12. O-O h6 13. c4 Ng6 14. d5
1-0

[Event "Super Size French"]
[Site "SchemingMind.com"]
[Date "2005.10.03"]
[Round "-"]
[White "Raimondi"]
[Black "bernadjm"]
[Result "0-1"]
[WhiteCountry "PER"]
[BlackCountry "ESP"]
[WhiteElo "1684"]
[WhiteRD "62"]
[BlackElo "2067"]
[BlackRD "124"]
[GameID "26532"]

1. e4 e6 2. d4 d5 3. Nc3 dxe4 4. Nxe4 Nf6 5. Bg5 Be7 6. Bxf6 gxf6 7. Nf3 b6 8. Qd2 Bb7 9. Bd3 Nd7 10. O-O-O c6
11. Qf4 Nf8 12. Rhg1 Ng6 13. Qe3 Qc7 14. g4 O-O-O 15. Kb1 Kb8 16. Ng3 Nf4 17. Be4 h5 18. gxh5 f5 19. Bd3 Nh3 20. Rgf1 c5
21. dxc5 Bxc5 22. Qe2 Nf4 23. Qe1 Bxf3 24. Rc1 Nxh5
0-1

[Event "Super Size French"]
[Site "SchemingMind.com"]
[Date "2005.10.04"]
[Round "-"]
[White "mikhailtal"]
[Black "bernadjm"]
[Result "0-1"]
[WhiteCountry "ENG"]
[BlackCountry "ESP"]
[WhiteElo "1807"]
[WhiteRD "70"]
[BlackElo "2131"]
[BlackRD "110"]
[GameID "26533"]

1. e4 e6 2. d4 d5 3. Nc3 dxe4 4. Nxe4 Nd7 5. Nf3 Ngf6 6. Nxf6+ Nxf6 7. c3 Bd6 8. Bd3 c5 9. dxc5 Bxc5 10. Bg5 h6
11. Bh4 Qb6 12. Qe2 Nd5 13. Bb5+ Bd7 14. Bxd7+ Kxd7 15. Ne5+ Ke8 16. Bg3 h5 17. h3 h4 18. Bh2 Qa6 19. Qxa6 bxa6 20. O-O-O f6
21. Nd3 Rc8= 22. Nxc5 Rxc5 23. Rhe1 Kf7 24. Rd4 g5 25. Bd6 Rc6 26. Bh2 Ne7 27. Red1 e5 28. Rd7 Ke6 29. Rxa7 Rg8 30. f3 Nd5
31. Bg1 Rd8 32. Rb7 Rdd6 33. Rd2 Nf4 34. Rc2 Nd3+ 35. Kb1 Ne1 36. Rc1 Nxg2 37. b3 Rd3
0-1

[Event "Super Size French"]
[Site "SchemingMind.com"]
[Date "2005.10.04"]
[Round "-"]
[White "capablanca"]
[Black "bernadjm"]
[Result "0-1"]
[WhiteCountry "GER"]
[BlackCountry "ESP"]
[WhiteElo "1616"]
[WhiteRD "61"]
[BlackElo "2131"]
[BlackRD "110"]
[GameID "26534"]

1. e4 e6 2. d4 d5 3. Nc3 dxe4 4. Nxe4 Nd7 5. Nf3 Ngf6 6. Bd3 Nxe4 7. Bxe4 Nf6 8. Bd3 a6 9. O-O b6 10. c3 Bb7
11. Bg5 Be7 12. Qc2 Bxf3 13. gxf3 Nd5 14. Bxe7 Qxe7 15. Kh1 Nf4 16. Rg1 Nxd3 17. Qxd3 O-O 18. Rg3 c5 19. Rag1 g6 20. Qe3 cxd4
21. cxd4 Rfd8 22. Rh3 Qf6 23. Qh6= Qg7 24. Qxg7+ Kxg7 25. Rd1 Rac8 26. Rd2 Rc4 27. Rh4 e5 28. Re4 Rcxd4 29. Rdxd4 exd4 30. Re1 Kf6
31. Kg2 Kf5 32. Rd1 d3 33. Kf1 Kf4
0-1

[Event "Super Size French"]
[Site "SchemingMind.com"]
[Date "2005.10.03"]
[Round "-"]
[White "lucyjugs"]
[Black "bernadjm"]
[Result "0-1"]
[WhiteCountry "GBR"]
[BlackCountry "ESP"]
[WhiteElo "1455"]
[WhiteRD "62"]
[BlackElo "2051"]
[BlackRD "143"]
[GameID "26535"]

1. e4 e6 2. d4 d5 3. Nc3 dxe4 4. Nxe4 Nd7 5. Nf3 Ngf6 6. Nxf6+ Nxf6 7. Bg5 h6 8. Bxf6 Qxf6 9. Bb5+ c6 10. Bd3 Bd6
11. c3 O-O 12. O-O Rd8 13. Re1 c5 14. Rc1 Bd7 15. Rc2 Bc6 16. Be4 cxd4 17. cxd4 Bxe4 18. Rc4 Bd5
0-1

[Event "Super Size French"]
[Site "SchemingMind.com"]
[Date "2005.10.04"]
[Round "-"]
[White "pardesi"]
[Black "bernadjm"]
[Result "0-1"]
[WhiteCountry "USA"]
[BlackCountry "ESP"]
[WhiteElo "1440"]
[WhiteRD "80"]
[BlackElo "2067"]
[BlackRD "124"]
[GameID "26536"]

1. e4 e6 2. b3 d5 3. Nc3 Nf6 4. d3 dxe4 5. Nxe4 Nxe4 6. dxe4 Bb4+ 7. Bd2 Qd4 8. Bxb4 Qxe4+ 9. Be2 Qxb4+ 10. Qd2 Qxd2+
0-1

[Event "Super Size French"]
[Site "SchemingMind.com"]
[Date "2005.10.05"]
[Round "-"]
[White "Gordon"]
[Black "Raimondi"]
[Result "1-0"]
[WhiteCountry "ENG"]
[BlackCountry "PER"]
[WhiteElo "2193"]
[WhiteRD "62"]
[BlackElo "1697"]
[BlackRD "66"]
[GameID "26703"]

1. e4 e6 2. d4 d5 3. Nc3 Bb4 4. e5 c5 5. a3 Bxc3+ 6. bxc3 Nc6 7. Qg4 Nge7 8. Qxg7 Rg8 9. Qxh7 cxd4 10. f4 dxc3
11. Nf3 d4 12. Ng5 Rf8 13. Bd3 Nd5 14. Nxf7 Rxf7 15. Bg6 Qe7 16. Qg8+
1-0

[Event "Super Size French"]
[Site "SchemingMind.com"]
[Date "2005.10.05"]
[Round "-"]
[White "Gordon"]
[Black "mikhailtal"]
[Result "1-0"]
[WhiteCountry "ENG"]
[BlackCountry "ENG"]
[WhiteElo "2229"]
[WhiteRD "64"]
[BlackElo "1876"]
[BlackRD "74"]
[GameID "26704"]

1. e4 e6 2. d4 d5 3. Nc3 Bb4 4. e5 b6 5. a3 Bf8 6. Nf3 Ba6 7. Bxa6 Nxa6 8. Ne2 Qd7 9. O-O c6 10. Nf4 Be7
11. Qd3 Nc7 12. Bd2 h5 13. Rac1 O-O-O 14. c4 Kb7 15. Rc3 dxc4 16. Rxc4 Nd5 17. Nxd5 cxd5 18. Rc3 Rc8 19. Rxc8 Qxc8 20. Rc1 Qd7
21. b4 Nh6 22. b5 Nf5 23. a4 Rc8 24. Rxc8 Qxc8 25. h3 Qc4 26. Qxc4 dxc4 27. g4 hxg4 28. hxg4 Nh6 29. Bxh6 gxh6 30. Kf1 a5
31. Ke2 Kc7 32. Kd2 Bb4+ 33. Kc2 c3 34. Ng1 Kd7 35. Ne2 Ke7 36. Nxc3 f6 37. f4 fxe5 38. dxe5 Kf7 39. Ne4 Kg6 40. Kd3 Be7
41. Ng3 Bh4 42. Nh5 Bd8 43. Ke4 Bh4= 44. Nf6 Bxf6 45. exf6 Kxf6 46. g5+
1-0

[Event "Super Size French"]
[Site "SchemingMind.com"]
[Date "2005.10.05"]
[Round "-"]
[White "Gordon"]
[Black "capablanca"]
[Result "1-0"]
[WhiteCountry "ENG"]
[BlackCountry "GER"]
[WhiteElo "2229"]
[WhiteRD "64"]
[BlackElo "1660"]
[BlackRD "64"]
[GameID "26705"]

1. e4 e6 2. d4 d5 3. Nc3 Nf6 4. Bg5 Be7 5. e5 Nfd7 6. h4 Bxg5 7. hxg5 Qxg5 8. Qd3 g6 9. Nf3 Qe7 10. O-O-O Nc6
11. Qe3 Nb6 12. Rh6 Nc4 13. Bxc4 dxc4 14. d5 Na5 15. Ne4 Bd7 16. Nf6+ Kf8 17. Rdh1 Kg7 18. Rxh7+
1-0

[Event "Super Size French"]
[Site "SchemingMind.com"]
[Date "2005.10.05"]
[Round "-"]
[White "Gordon"]
[Black "bernadjm"]
[Result "0-1"]
[WhiteCountry "ENG"]
[BlackCountry "ESP"]
[WhiteElo "2199"]
[WhiteRD "66"]
[BlackElo "2196"]
[BlackRD "102"]
[GameID "26706"]

1. e4 e6 2. d4 d5 3. Nc3 dxe4 4. Nxe4 Nd7 5. Nf3 Ngf6 6. Bg5 Be7 7. Bxf6 Bxf6 8. Qd2 Qe7 9. O-O-O b6 10. Bb5 Bb7
11. Nxf6+ gxf6 12. Qe2 O-O-O 13. Ba6 Rhg8 14. g3 Bxa6 15. Qxa6+ Kb8 16. Rd3 c6 17. Ra3 Nf8 18. Rd1 Qc7 19. Qe2 Ng6 20. h4 Ne7
21. Rdd3 Nf5 22. Ra6 Rd7 23. Qd2 Rgd8 24. g4 Nd6 25. Ra4 b5 26. Rb4 a5 27. Rbb3 a4 28. Rb4 Nc4 29. Qh6 Nb6 30. c4 Qd6
31. c5 Qe7 32. g5 Nd5 33. gxf6 Qxf6 34. Qxf6 Nxf6 35. Ne5 Nd5 36. Nxd7+ Rxd7 37. a3 Kc8 38. Kc2 Kd8 39. Rd2 Ke7 40. b3 Nxb4+
41. axb4 a3 42. Kb1 Kf6 43. Ka2 Kf5 44. Rd3 Ke4 45. Rg3 Rxd4 46. Rg7 Rd2+ 47. Kxa3 Rxf2 48. Rxh7 e5 49. Rh6 f6 50. Rh7 Kd3
0-1

[Event "Super Size French"]
[Site "SchemingMind.com"]
[Date "2005.10.05"]
[Round "-"]
[White "Gordon"]
[Black "lucyjugs"]
[Result "1-0"]
[WhiteCountry "ENG"]
[BlackCountry "GBR"]
[WhiteElo "2193"]
[WhiteRD "62"]
[BlackElo "1455"]
[BlackRD "62"]
[GameID "26707"]

1. e4 e6 2. d4 d5 3. Nc3 Nf6 4. Bg5 Be7 5. e5 Nfd7 6. h4 Bxg5 7. hxg5 Qxg5 8. Qd3 h6 9. Nh3 Qe7 10. Nf4 Nc6
11. O-O-O a6 12. Qg3 g5 13. Nfxd5 exd5 14. Nxd5
1-0

[Event "Super Size French"]
[Site "SchemingMind.com"]
[Date "2005.10.05"]
[Round "-"]
[White "Gordon"]
[Black "pardesi"]
[Result "1-0"]
[WhiteCountry "ENG"]
[BlackCountry "USA"]
[WhiteElo "2193"]
[WhiteRD "62"]
[BlackElo "1470"]
[BlackRD "96"]
[GameID "26708"]

1. e4 e6 2. d4 b6 3. Bd3 Bb7 4. f4 Nf6 5. Qe2 Nc6 6. c3 d6 7. Nf3 Be7 8. O-O O-O 9. e5 Nd7 10. Qe4 d5
11. Qxh7#
1-0

[Event "Super Size French"]
[Site "SchemingMind.com"]
[Date "2005.10.05"]
[Round "-"]
[White "Raimondi"]
[Black "Gordon"]
[Result "0-1"]
[WhiteCountry "PER"]
[BlackCountry "ENG"]
[WhiteElo "1697"]
[WhiteRD "66"]
[BlackElo "2193"]
[BlackRD "62"]
[GameID "26709"]

1. e4 e6 2. d4 d5 3. Nc3 Bb4 4. e5 c5 5. a3 Bxc3+ 6. bxc3 Ne7 7. Ne2 Nbc6 8. g4 Qa5 9. Bd2 O-O 10. h4 f6
11. f4 Qa4 12. Bg2 cxd4 13. cxd4 Nxd4 14. Nxd4 Qxd4 15. exf6 Qxf6 16. Rb1 Ng6 17. Rb4 Nxh4 18. Qe2 Nxg2+ 19. Qxg2 Qa1+ 20. Ke2 Qa2
21. Kd3 Qxa3+ 22. Rb3 Qa6+ 23. Ke3 Qc4 24. Bc3 Qxf4+
0-1

[Event "Super Size French"]
[Site "SchemingMind.com"]
[Date "2005.10.06"]
[Round "-"]
[White "mikhailtal"]
[Black "Gordon"]
[Result "0-1"]
[WhiteCountry "ENG"]
[BlackCountry "ENG"]
[WhiteElo "1816"]
[WhiteRD "79"]
[BlackElo "2193"]
[BlackRD "62"]
[GameID "26710"]

1. e4 e6 2. d4 d5 3. Nc3 Bb4 4. e5 c5 5. a3 Bxc3+ 6. bxc3 Ne7 7. Qg4 O-O 8. Bd3 Nbc6 9. Qh5 Ng6 10. Be3 c4
11. Bxg6 fxg6 12. Qe2 b5 13. h4 Qa5 14. Kd2 b4 15. cxb4 Nxb4 16. c3 Nd3 17. Nf3 Rb8 18. Rhb1 Rxb1 19. Rxb1 Qxa3 20. Qd1 Bd7
0-1

[Event "Super Size French"]
[Site "SchemingMind.com"]
[Date "2005.10.18"]
[Round "-"]
[White "capablanca"]
[Black "Gordon"]
[Result "0-1"]
[WhiteCountry "GER"]
[BlackCountry "ENG"]
[WhiteElo "1660"]
[WhiteRD "64"]
[BlackElo "2229"]
[BlackRD "64"]
[GameID "26711"]

1. e4 e6 2. d4 d5 3. Nd2 Nf6 4. Bd3 c5 5. exd5 Qxd5 6. Ngf3 cxd4 7. Bc4 Qd6 8. Nb3 Qb4+ 9. Nbd2 Nc6 10. O-O Be7
11. a3 Qd6 12. Bb5 O-O 13. Nc4 Qc5 14. Bxc6 Qxc4 15. Ne5 Qc5
0-1

[Event "Super Size French"]
[Site "SchemingMind.com"]
[Date "2005.10.05"]
[Round "-"]
[White "bernadjm"]
[Black "Gordon"]
[Result "1-0"]
[WhiteCountry "ESP"]
[BlackCountry "ENG"]
[WhiteElo "2196"]
[WhiteRD "102"]
[BlackElo "2199"]
[BlackRD "66"]
[GameID "26712"]

1. e4 e6 2. d4 d5 3. e5 c5 4. c3 Nc6 5. Nf3 Qb6 6. a3 c4 7. Nbd2 Na5 8. g3 Bd7 9. h4 f5 10. exf6 gxf6
11. Bh3 O-O-O 12. O-O h5 13. Re1 Nh6 14. Rb1 Ng4 15. Nh2 Bd6 16. b3 Qc7 17. Qf3 f5 18. bxc4 dxc4 19. Ndf1 Bc6 20. Qe2 Rde8
21. Bg2 Bxg2 22. Kxg2 e5 23. Qf3 Rhf8 24. Nxg4 e4 25. Qd1 hxg4 26. Bg5 Qc6 27. Ne3 Kb8 28. Qe2 f4 29. gxf4 Bxf4 30. Qxg4 Bc7
31. Re2 Nb3 32. Rbe1 Ba5 33. Nd1 Re6 34. Kg1 Bc7 35. Rxe4 Rxe4 36. Qxe4 Qb5 37. Qe6 Ka8 38. Re2 Na5 39. Nb2 Bb8 40. d5
1-0